Destiny your number is 4 / (Record no. 354836)
[ view plain ]
| 000 -LEADER | |
|---|---|
| fixed length control field | 00319nam a2200109Ia 4500 |
| 008 - FIXED-LENGTH DATA ELEMENTS--GENERAL INFORMATION | |
| fixed length control field | 180205s9999 xx 000 0 und d |
| 020 ## - INTERNATIONAL STANDARD BOOK NUMBER | |
| International Standard Book Number | 9789719232391 |
| 100 ## - MAIN ENTRY--PERSONAL NAME | |
| Personal name | Quisumbing, Lourdes Reynes |
| 245 ## - TITLE STATEMENT | |
| Title | Destiny your number is 4 / |
| 260 ## - PUBLICATION, DISTRIBUTION, ETC. (IMPRINT) | |
| Place of publication, distribution, etc | Parañaque City |
| Name of publisher, distributor, etc | Saranggola publications |
| Date of publication, distribution, etc | 2010 |
| 300 ## - PHYSICAL DESCRIPTION | |
| Extent | ii, 201 pages |
| Withdrawn status | Lost status | Damaged status | Home library | Current library | Shelving location | Date acquired | Source of acquisition | Total Checkouts | Full call number | Barcode | Date last seen | Price effective from | Koha item type |
|---|---|---|---|---|---|---|---|---|---|---|---|---|---|
| College Library | College Library | Filipiniana Section | 02/05/2018 | Library Fund | M 3.1 .Q8 2010 | C15025 | 05/08/2018 | 02/05/2018 | Books |